| 000 | 00715nam a2200265Ia 4500 | ||
|---|---|---|---|
| 003 | OSt | ||
| 005 | 20220918184355.0 | ||
| 006 | a|||||r|||| 00| 0 | ||
| 007 | ta | ||
| 008 | 220917b |||||||| |||| 00| 0 eng d | ||
| 024 | _a46,248 | ||
| 037 | _cTextual | ||
| 040 |
_aARTS _cARTS _beng |
||
| 041 |
_2eng _aeng |
||
| 082 | _aPxM96, M0 | ||
| 100 |
_aJakobson Roman _922310 |
||
| 245 | 0 | _aFrame work of language | |
| 260 |
_aMichigan _bSchool of Graduate Studies _c1980 |
||
| 300 |
_ax,132p. _ccm. |
||
| 490 | _aMichigan studies in the humanties; 1 | ||
| 500 | _aIncludes bibliography | ||
| 650 | _aLINGUISTICS | ||
| 942 |
_hPxM96, M0 _cTEXL _2CC |
||
| 999 |
_c176275 _d176275 |
||